02003nam a22003735i 450000100060000000300100000600500170001600700030003300800410003602000180007704000330009508200220012808400070015010000350015724500710019224600230026325000220028626400330030830000280034133600270036933700330039633800280042949000250045750000560048252007250053853400280126365000420129165000430133365000540137670000410143094200120147199900170148395201290150060635CO-BoRNBP20260227223612.0ta180405s2018 ck gr 000 f spa d a9789585617872 aCO-BoUNCbspaerdacCO-BoUNC04a843.8bV531cs223 aN 1 aVerne, Julesd1828-190596621710aCinco semanas en globo /cJulio Verne ; traductor, Vicente Guimer.0 a5 semanas en globo aprimera edición 1aBogotá :bComcosur,c2018. a319 páginas ;c21 cm. 2rdacontentatextobtxt 2rdamediaasin mediaciónbn 2rdacarrieravolumenbnc0 aLiteratura universal aIncluye datos biográficos del autor en la solapa. aEl doctor Samuel Fergusson, un valiente y sabio explorador inglés, y dos compañeros, se lanzan a la aventura de un arriesgado viaje en globo. África es entonces un continente poco explorado, centro de muchos mitos, creencias y supersticiones que invitan a estos tres hombres a atravesar su geografía, en un arriesgado viaje usando un globo hinchado con hidrógeno, un dispositivo creado por el doctor Fergusson que permite subir o bajar a voluntad sin perder gas o echar lastre en busca de corrientes favorables, convirtiendo al globo en un aparato dirigible. Los tres saben que se enfrentarán a un sinfín de peligros y dificultades, pero su amor a la ciencia y su férreo temple les ayudaran a sortearlos. tCinq semaines en ballon17aAventuras en la literatura2LEMB949217aNovela francesaySiglo XIX2LEMB9231517aCiencia ficciónxNovelaySiglo XIX2LEMB9693071 aGuimerà, Vicenteetraductor969308 2ddccBK c60635d60635 00102lcc40708012aMESJUANIbMESJUANIcLITd2026-03-11l0oN VER2pSJU02853r2026-03-11 15:17:57tEj.1w2026-03-11yBKLIT